| 000 | 00410nam a22001577a 4500 | ||
|---|---|---|---|
| 005 | 20250721093403.0 | ||
| 008 | 250721b |||||||| |||| 00| 0 eng d | ||
| 082 |
_a891.4 _b ASH-F |
||
| 100 | _aMuhammad Ashraf Jadoon | ||
| 245 | _aFikre Gulzar / | ||
| 260 |
_apakistan; _bilmi book publisher; _c2016. |
||
| 300 |
_a122 p. : _c24 cm. |
||
| 500 | _ainclude index. | ||
| 650 | _aUrdu Litreature | ||
| 999 |
_c36989 _d36989 |
||